000 00315nam a22001337a 4500
008 170222b xxu||||| |||| 00| 0 eng d
020 _a9780721650142
041 _aeng
080 _a616.31
100 _a5
101 _aSHS
245 _aTHE DENTAL HYGIENISTS' GUIDE TO NATIONAL CARE
_cDAVIS, J.R
942 _2udc
_cBK
999 _c6033
_d6033